NBA Record Holders - Statistics

General Stats
  • This quiz has been taken 778 times
    101 since last reset
  • The average score is 16 of 24
Answer Stats
Record Player Total % Correct
Most Points LeBron James 51,729
100%
Most Minutes Played LeBron James 73,092
98%
Most 3 Pointers Stephen Curry 4,898
98%
Most Seasons Played LeBron James 23
96%
Most Games Played LeBron James 1,914
96%
Most Championships Bill Russell 11
95%
Most Finals Appearances Bill Russell 12
94%
Most Assists John Stockton 17,645
94%
Most Points In A Game Wilt Chamberlain 100
90%
Most Blocks Hakeem Olajuwon 4,302
84%
Most Triple Doubles Russell Westbrook 221
83%
Most Rebounds In A Game Wilt Chamberlain 55
83%
Most Steals John Stockton 3,603
79%
Most 3 Pointers In A Game Klay Thompson 14
79%
Most Rebounds Wilt Chamberlain 27,837
77%
Most Quadruple Doubles Alvin Robertson, David Robinson, Hakeem Olajuwon, Nate Thurmond 1
71%
Most Assists In A Game Scott Skiles 30
41%
Most Teams Played For Ish Smith 13
38%
Most Free Throws Attempted Karl Malone 14,913
34%
Most Free Throws Made Karl Malone 11,056
33%
Most Personal Fouls Kareem Abdul-Jabbar 5,454
23%
Most Consecutive Games Played A.C. Green Jr. 1,192
17%
Most Steals In A Game Kendall Gill, Larry Kenon 11
11%
Most Blocks In A Game Elmore Smith 17
9%
No matching quizzes found
Score Distribution
Percent of People with Each Score
Percentile by Number Answered
Your Score History
You have not taken this quiz since the last reset